书目信息 |
| 题名: |
半群引论
|
|
| 作者: | 乔虎生 , 刘仲奎 著 | |
| 分册: | ||
| 出版信息: | 北京 科学出版社 2019.01 |
|
| 页数: | 244页 | |
| 开本: | 24cm | |
| 丛书名: | ||
| 单 册: | ||
| 中图分类: | O152.7 | |
| 科图分类: | ||
| 主题词: | 半群--ban qun--研究 | |
| 电子资源: | ||
| ISBN: | 978-7-03-059868-4 | |
| 000 | 00975nam0 2200253 450 | |
| 001 | 202019137483 | |
| 005 | 20191026133321.0 | |
| 010 | @a978-7-03-059868-4@dCNY98.00 | |
| 100 | @a20191022d2019 em y0chiy50 ea | |
| 101 | 0 | @achi |
| 102 | @aCN@b110000 | |
| 105 | @aa a 001yy | |
| 106 | @ar | |
| 200 | 1 | @a半群引论@Aban qun yin lun@f乔虎生, 刘仲奎著 |
| 210 | @a北京@c科学出版社@d2019.01 | |
| 215 | @a244页@c图@d24cm | |
| 320 | @a有书目 (第239-240页) 和索引 | |
| 330 | @a本书介绍半群以及半超群理论的基础知识及最新研究成果。全书共分八章。第一章到第三章主要介绍半群结构的理想、同余刻画方法以及几类重要的正则半群类。第四章介绍半群的S-系理论。第五章介绍码论基础。第六、第七章介绍半超群和序半超群基本理论和最新研究进展。第八章对半群其余很好的研究方向做了简介。 | |
| 606 | 0 | @a半群@Aban qun@x研究 |
| 690 | @aO152.7@v5 | |
| 701 | 0 | @a乔虎生@Aqiao hu sheng@4著 |
| 701 | 0 | @a刘仲奎@Aliu zhong kui@4著 |
| 801 | 0 | @aCN@c20190905 |
| 905 | @a河南城建学院图书馆@dO152.7@eQ323 | |
| 半群引论/乔虎生, 刘仲奎著.-北京:科学出版社,2019.01 |
| 244页:图;24cm |
| ISBN 978-7-03-059868-4:CNY98.00 |
| 本书介绍半群以及半超群理论的基础知识及最新研究成果。全书共分八章。第一章到第三章主要介绍半群结构的理想、同余刻画方法以及几类重要的正则半群类。第四章介绍半群的S-系理论。第五章介绍码论基础。第六、第七章介绍半超群和序半超群基本理论和最新研究进展。第八章对半群其余很好的研究方向做了简介。 |
| ● |
| 相关链接 |
|
|
|
正题名:半群引论
索取号:O152.7/Q323
 
预约/预借
| 序号 | 登录号 | 条形码 | 馆藏地/架位号 | 状态 | 备注 |
| 1 | 1446131 | 214461312 | 自科库401/401自科库 42排1列3层/ [索取号:O152.7/Q323] | 在馆 | |
| 2 | 1446132 | 214461321 | 自科库401/401自科库 42排1列3层/ [索取号:O152.7/Q323] | 在馆 |